Najgorsi Kierowcy Formuły 1 (2010-2023) - Statystyki

Ogólne statystyki
  • Ten quiz został rozwiązany 56 razy
  • Średni wynik to 5 z 14
Statystyki odpowiedzi
Sezon Zespół Kierowca % Poprawnych
2019 Williams George Russell
83%
2021 Haas Nikita Mazepin
74%
2023 AlphaTauri Nyck De Vries
60%
2018 Williams Siergiej Sirotkin
57%
2022 Aston Martin Nico Hulkenberg
42%
2020 Haas Pietro Fittipaldi
30%
2016 Manor Rio Haryanto
23%
2013 Marussia Max Chilton
21%
2012 HRT Pedro de la Rosa
19%
2015 Marussia Will Stevens
19%
2011 Lotus Karun Chandhok
15%
2017 Williams Paul Di Resta
15%
2014 Caterham Andre Lotterer
9%
2010 HRT Christian Klien
6%
Nie znaleziono quizów pasujących do podanych kryteriów
Rozkład punktacji
Procent ludzi z każdym wynikiem
Percentyl według liczby udzielonych odpowiedzi
Twoja historia wyników
Nie rozwiązałeś tego quizu